000 00336nam a2200133Ia 4500
005 20251222141948.0
008 251222s9999||||xx |||||||||||||| ||spa||
020 _a8488746083
082 _a615.321/R31
245 0 _aDiccionario de las Medicinas Naturales
250 _a2a. ed.
264 _bReader´s Digest México, S.A.
942 _cLIB
999 _c9588
_d9588